Statystyki dla Największe Wartości Transferów

Kliknij tutaj aby rozwiązać quiz!

Ogólne statystyki

  • Ten quiz został rozwiązany 34 razy
  • Średni wynik to 6 z 10

Statystyki odpowiedzi

HintOdpowiedź% Poprawnych
222 mlnNeymar
97%
117 mlnCristiano Ronaldo
88%
145 mlnKylian Mbappe
82%
135 mlnPhilippe Coutinho
59%
140 mlnOusmane Dembele
53%
120 mlnAntoine Griezmann
44%
115 mlnEden Hazard
44%
127 mlnJoao Felix
41%
117 mlnJack Grealish
38%
113 mlnRomelo Lukaku
24%

Rozkład punktacji

Percentyl według liczby udzielonych odpowiedzi

Procent ludzi z każdym wynikiem

Twoja historia wyników

Nie rozwiązałeś tego quizu